| 000 | 01391nam a2200229Ia 4500 | ||
|---|---|---|---|
| 003 | Ost | ||
| 005 | 20260507075020.0 | ||
| 008 | 260507s9999||||xx |||||||||||||| ||und|| | ||
| 040 | _cfsecg | ||
| 041 | _aara | ||
| 082 | _a320.5 | ||
| 100 |
_aذنيبات، محمد جمال مطلق _eمؤلف |
||
| 245 | 0 |
_aالنظم السياسية والقانون الدستوري : _bشرح تحليلي للنظام الدستوري الأردني / _c محمد جمال مطلق ذنيبات |
|
| 260 |
_aعمان: _bالدار العلمية الدولية, _c2003 |
||
| 300 |
_a336 صفحة؛ _bإيضاحات ؛ _c24 سم |
||
| 490 |
_aالمكتبة القانونية _v492 |
||
| 520 | _aالنظم السياسية-نظرية الدولة- ماهية الدولة وأركانها- خصائص سلطة الدولة وأنواع الدول- الحكومات- أشكال الحكومات- نظرية الإنتخاب- التكيف القانوني للإنتخاب- النظم الإنتخابية المختلفة- تكوين الهيئات البرلمانية- الفصل بين السلطات وأشكال النظام النيابي - القانون الدستوري وتنظيم السلطات الثلاث في الدستور الأردني | ||
| 653 | _aالسياسة | ||
| 653 | _aالقانون الدستوري | ||
| 653 | _aالنظم السياسية | ||
| 942 | _cكتاب | ||
| 999 |
_c42266 _d42266 |
||